Velký rusko-český slovník : 2.díl

Enregistré dans:
Détails bibliographiques
Format: Livre
Langue:multilingue
Publié: Praha : Československá akademie věd, 1953
Sujets:
Tags: Ajouter un tag
Pas de tags, Soyez le premier à ajouter un tag!

MARC

LEADER 00000nam a22000003a 4500
001 stu43973
005 20150408180346.7
008 950118s1953----cs------------------mul-d
040 |a STU  |b slo 
041 0 |a mul 
044 |a cs 
080 |a 801.323.2=82=850 
245 |a Velký rusko-český slovník :  |b 2.díl 
260 |a Praha :  |b Československá akademie věd,  |c 1953 
300 |a 740 s 
650 7 |a slovníky rusko české  |2 stusub 
996 |b 284M002666  |c M*4658/2-1  |l MMKN  |s A  |a 24  |w stu43973_0001